| 000 | 00546nam a22001817a 4500 | ||
|---|---|---|---|
| 005 | 20160620132156.0 | ||
| 008 | 160620b xxu||||| |||| 00| 0 eng d | ||
| 020 | _a9789966846396 | ||
| 020 | _a9966846395 | ||
| 041 | _aSwahili | ||
| 050 |
_aAFR PL8704 _b.M3Z3 1975 |
||
| 100 | _aChimerah, Rocha M. | ||
| 245 |
_aMnara wawaka moto: _bUhalifu / |
||
| 260 |
_aNairobi : _bNairobi University Press _c1975 |
||
| 300 | _a113p. | ||
| 650 |
_aSwahili language _xFasihi |
||
| 942 |
_2lcc _cAFRICANA _hAFR PL8704 .M3Z3 1975 |
||
| 999 |
_c11195 _d11195 |
||